25 beste wielrenners - Statistieken

Algemene statistieken
  • Deze quiz is 80 keer genomen
  • De gemiddelde score is 7 van 25
Antwoordstatistieken
ranking antwoorden % Correct
1 Eddy Merckx
88%
20 Mathieu van der Poel
70%
21 Adrie van der Poel
67%
16 Tom Boonen
55%
25 Bernard Hinault
46%
17 Fabian Cancellara
39%
8 Rik Van Looy
39%
4 Johan Museeuw
36%
3 Philippe Gilbert
35%
2 Roger De Vlaeminck
35%
6 Sean Kelly
28%
11 Fausto Coppi
26%
5 Jan Raas
17%
10 Paolo Bettini
14%
14 Francesco Moser
13%
9 Gino Bartali
13%
13 Erik Zabel
12%
15 Michele Bartoli
12%
24 Walter Godefroot
10%
22 Moreno Argentin
9%
23 Alfredo Binda
6%
12 Costante Girardengo
6%
18 Fred De Bruyne
3%
7 Heiri Suter
0%
19 Henri Pélissier
0%
Geen overeenkomende quizzen gevonden
Scoreverdeling
Procent van Mensen met Elke Score
Percentiel versus Aantal Correcte Antwoorden
Uw Scoregeschiedenis
U heeft deze quiz nog niet genomen